[Event " HL Men's 64. RUS Chmp. 2011"]
[Site "Taganrog"]
[Date "2011.06.24"]
[Round "9"]
[Board "1"]
[White "Polschikov, Alexey"]
[Black "Airapetian, Gor"]
[Result "0-1"]
[WhiteElo "2395"]
[BlackElo "2460"]
[PlyCount "104"]
[EventDate "2011.06.15"]
[EventRounds "11"]
[EventCountry "RUS"]

1.e4 e6 2.d4 d5 3.Nd2 c5 4.Ngf3 cxd4 5.exd5 Qxd5 6.Bc4 Qd8 7.O-O a6 8.a4 Nc6
9.Nb3 Nf6 10.Nbxd4 Nxd4 11.Qxd4 Qxd4 12.Nxd4 Bd7 13.Rd1 Rc8 14.Bb3 Bc5 15.c3 O-O
16.Nc2 Rfd8 17.Be3 Bxe3 18.Nxe3 Bc6 19.f3 Kf8 20.Kf2 Ke7 21.a5 g5 22.Ke2 h5
23.Ba4 Rxd1 24.Kxd1 Nd5 25.Kd2 Rd8 26.Bd1 Nf4+ 27.Kc2 f5 28.g3 Ng6 29.Be2 h4
30.Rh1 Ne5 31.Rf1 hxg3 32.hxg3 Rh8 33.Rf2 f4 34.gxf4 gxf4 35.Nf1 Kf6 36.Kd2 Rd8+
37.Kc2 Rd5 38.b4 Ba4+ 39.Kc1 Rd3 40.c4 Rb3 41.b5 Rc3+ 42.Kb1 Nxc4 43.Bxc4 Rxc4
44.bxa6 bxa6 45.Rb2 Rc5 46.Nd2 Rxa5 47.Ne4+ Ke5 48.Re2 Bb5 49.Re1 Bd3+ 50.Kb2
Bxe4 51.Rxe4+ Kf5 52.Rc4 Re5 0-1

[Event " HL Men's 64. RUS Chmp. 2011"]
[Site "Taganrog"]
[Date "2011.06.24"]
[Round "9"]
[Board "1"]
[White "Rodin, Dmitrij"]
[Black "Chuprov, Dmitry"]
[Result "1/2-1/2"]
[WhiteElo "2404"]
[BlackElo "2520"]
[PlyCount "77"]
[EventDate "2011.06.15"]
[EventRounds "11"]
[EventCountry "RUS"]

1.e4 e5 2.Nf3 Nc6 3.Bb5 Bc5 4.c3 Nf6 5.d3 d6 6.O-O O-O 7.h3 a6 8.Ba4 Ba7 9.Re1
Nh5 10.d4 Qf6 11.Be3 Nf4 12.Bxf4 Qxf4 13.Bxc6 bxc6 14.Nbd2 exd4 15.cxd4 c5 16.d5
c4 17.Qe2 f5 18.e5 Bb7 19.Qxc4 Qxc4 20.Nxc4 Bxd5 21.Rac1 dxe5 22.Rxe5 Bxc4
23.Rxc4 Rad8 24.g3 Bb6 25.Kf1 g6 26.a4 Rd1+ 27.Kg2 a5 28.h4 Rfd8 29.h5 R1d5
30.hxg6 hxg6 31.Re2 Kg7 32.b4 axb4 33.Rxb4 Kf6 34.Rh4 R5d6 35.Rh6 Kg7 36.Rh4 Kf6
37.Rh6 Kg7 38.Rh4 Kf6 39.Rh6 1/2-1/2

[Event " HL Men's 64. RUS Chmp. 2011"]
[Site "Taganrog"]
[Date "2011.06.24"]
[Round "9"]
[Board "1"]
[White "Shukh, Nikolai"]
[Black "Balashov, Yuri S"]
[Result "1/2-1/2"]
[WhiteElo "2438"]
[BlackElo "2426"]
[PlyCount "80"]
[EventDate "2011.06.15"]
[EventRounds "11"]
[EventCountry "RUS"]

1.d4 Nf6 2.c4 e6 3.g3 Bb4+ 4.Bd2 Be7 5.Bg2 d5 6.Nf3 O-O 7.O-O c6 8.Qc2 Nbd7
9.Bf4 Nh5 10.Bc1 f5 11.Nbd2 Qe8 12.Ne5 Bd6 13.Ndf3 Qe7 14.a3 a5 15.b3 Nhf6
16.Bb2 Ne4 17.Nxd7 Bxd7 18.Ne5 Be8 19.f3 Ng5 20.c5 Bc7 21.e3 Nf7 22.Nxf7 Bxf7
23.e4 Bg6 24.e5 Rfb8 25.f4 Be8 26.Bc3 b5 27.Bd2 Bh5 28.Be3 Rf8 29.h3 Rf7 30.Kh2
Raf8 31.Qf2 Bd8 32.Rg1 Qe8 33.Bf1 Ra7 34.Bd3 Bg6 35.Rg2 Kh8 36.Rag1 Rb7 37.Rf1
Ra7 38.Rfg1 Rb7 39.Rf1 Ra7 40.Rfg1 Rb7 1/2-1/2

[Event " HL Men's 64. RUS Chmp. 2011"]
[Site "Taganrog"]
[Date "2011.06.25"]
[Round "10"]
[Board "1"]
[White "Zvjaginsev, Vadim"]
[Black "Timofeev, Artyom"]
[Result "1/2-1/2"]
[WhiteElo "2659"]
[BlackElo "2665"]
[PlyCount "74"]
[EventDate "2011.06.15"]
[EventRounds "11"]
[EventCountry "RUS"]

1.e4 e6 2.c3 Nf6 3.d3 c5 4.g3 Nc6 5.Nf3 d6 6.Bg2 Be7 7.O-O O-O 8.Re1 b5 9.d4 d5
10.Ne5 Bb7 11.Nxc6 Bxc6 12.e5 Nd7 13.Qg4 Re8 14.Nd2 a5 15.Nf3 b4 16.h4 Bb5
17.Ng5 Qb6 18.Bh3 Bxg5 19.Bxg5 Bd3 20.dxc5 Qb5 21.Bh6 Bg6 22.Bf1 Qb8 23.h5 Nxe5
24.Rxe5 Qxe5 25.hxg6 gxh6 26.gxf7+ Kxf7 27.cxb4 axb4 28.Qxb4 Reb8 29.Bb5 Qe4
30.Qxe4 dxe4 31.Bc6 Ra7 32.Bxe4 Rxb2 33.Rc1 Rbxa2 34.Kg2 Ra1 35.Rc2 R1a2 36.Rc1
Ra1 37.Rc2 R1a2 1/2-1/2

[Event " HL Men's 64. RUS Chmp. 2011"]
[Site "Taganrog"]
[Date "2011.06.25"]
[Round "10"]
[Board "1"]
[White "Inarkiev, Ernesto"]
[Black "Grachev, Boris"]
[Result "1/2-1/2"]
[WhiteElo "2679"]
[BlackElo "2669"]
[PlyCount "47"]
[EventDate "2011.06.15"]
[EventRounds "11"]
[EventCountry "RUS"]

1.e4 e6 2.d4 d5 3.Nc3 Nf6 4.Bg5 dxe4 5.Nxe4 Nbd7 6.Nf3 h6 7.Bh4 Be7 8.Nxf6+ Nxf6
9.Bd3 O-O 10.Qe2 Nd5 11.Bxe7 Qxe7 12.O-O-O Bd7 13.Ne5 Bc6 14.h4 Rad8 15.Kb1 Rd6
16.Be4 Rfd8 17.c3 Nf4 18.Qf3 Bxe4+ 19.Qxe4 Nd5 20.g4 c5 21.Nc4 R6d7 22.Ne5 Rd6
23.Nc4 R6d7 24.Ne5 1/2-1/2

[Event " HL Men's 64. RUS Chmp. 2011"]
[Site "Taganrog"]
[Date "2011.06.25"]
[Round "10"]
[Board "1"]
[White "Bukavshin, Ivan"]
[Black "Khairullin, Ildar"]
[Result "0-1"]
[WhiteElo "2502"]
[BlackElo "2649"]
[PlyCount "74"]
[EventDate "2011.06.15"]
[EventRounds "11"]
[EventCountry "RUS"]

1.d4 d5 2.c4 c6 3.Nc3 Nf6 4.e3 g6 5.Nf3 Bg7 6.Be2 O-O 7.O-O a6 8.b3 Ne4 9.Bb2
Nxc3 10.Bxc3 Bg4 11.Ne5 Bxe2 12.Qxe2 Nd7 13.cxd5 Nxe5 14.dxe5 Qxd5 15.Rfd1 Qe6
16.Qc4 Qxc4 17.bxc4 Rfd8 18.f4 f6 19.e6 f5 20.Ba5 Rd6 21.Rxd6 exd6 22.Rd1 Bf8
23.Bc7 Re8 24.Bxd6 Rxe6 25.Bxf8 Kxf8 26.Kf2 b5 27.Kf3 Ke7 28.c5 Re4 29.Rd6 Ra4
30.Rxc6 Rxa2 31.Rc7+ Ke6 32.Rxh7 Kd5 33.g4 b4 34.gxf5 gxf5 35.Rh5 b3 36.Rxf5+
Kc6 37.Rf8 Ra5 0-1

[Event " HL Men's 64. RUS Chmp. 2011"]
[Site "Taganrog"]
[Date "2011.06.25"]
[Round "10"]
[Board "1"]
[White "Najer, Evgeniy"]
[Black "Lintchevski, Daniil"]
[Result "1/2-1/2"]
[WhiteElo "2643"]
[BlackElo "2543"]
[PlyCount "101"]
[EventDate "2011.06.15"]
[EventRounds "11"]
[EventCountry "RUS"]

1.e4 e5 2.Nf3 Nf6 3.Nxe5 d6 4.Nf3 Nxe4 5.Bd3 Nf6 6.O-O Be7 7.h3 O-O 8.c3 b6
9.Bc2 Bb7 10.d4 Nbd7 11.Nbd2 Re8 12.Nc4 Bf8 13.Bg5 Qc8 14.Ne3 Be4 15.Bb3 Qb7
16.Nd2 Bg6 17.Re1 b5 18.Ndf1 a5 19.a3 c5 20.dxc5 dxc5 21.a4 c4 22.Ba2 Bd3 23.Bh4
Bc5 24.Bb1 Bxb1 25.Qxb1 bxa4 26.Bxf6 Nxf6 27.Rxa4 Qb3 28.Qa1 Ne4 29.Re2 Qb5
30.Qa2 Nxf2 31.Kxf2 Re4 32.Rb4 Qa6 33.Ra4 Qb5 34.Kg1 Qb6 35.Kh1 Bxe3 36.Nxe3
Rxe3 37.Qxc4 h5 38.Ra1 Rxe2 39.Qxe2 a4 40.Rxa4 Rxa4 41.Qe8+ Kh7 42.Qxa4 Qxb2
43.Qe4+ g6 44.c4 Qf2 45.Qb1 Qe3 46.Qg1 Qd2 47.Qf1 Kg8 48.Qa1 Qe3 49.Qb1 Kh7
50.Qg1 Qd2 51.Qb1 1/2-1/2

[Event " HL Men's 64. RUS Chmp. 2011"]
[Site "Taganrog"]
[Date "2011.06.25"]
[Round "10"]
[Board "1"]
[White "Kornev, Alexei"]
[Black "Shomoev, Anton"]
[Result "1/2-1/2"]
[WhiteElo "2511"]
[BlackElo "2566"]
[PlyCount "123"]
[EventDate "2011.06.15"]
[EventRounds "11"]
[EventCountry "RUS"]

1.d4 Nf6 2.c4 g6 3.g3 c5 4.d5 b5 5.cxb5 a6 6.bxa6 d6 7.Nc3 Bg7 8.Bg2 O-O 9.Nf3
Nxa6 10.O-O Bf5 11.Nh4 Bd7 12.Rb1 Qa5 13.Bd2 Rfb8 14.b3 Qa3 15.Bc1 Qa5 16.Bb2
Ne8 17.Qc1 c4 18.Ne4 cxb3 19.Bxg7 Nxg7 20.axb3 Qb4 21.Qc4 Bb5 22.Qxb4 Nxb4
23.Nc3 Na2 24.Nxb5 Rxb5 25.Nf3 Rb4 26.e3 Nf5 27.Rb2 Nc3 28.Rc1 Rxb3 29.Rbc2 Na4
30.Ra1 Rbb8 31.e4 Ng7 32.Rca2 Nb6 33.Ra7 Kf8 34.Nd4 Rxa7 35.Rxa7 Ra8 36.Rb7 Nc4
37.Bf1 Na5 38.Rb1 Ne8 39.Ra1 Nc7 40.Bb5 Ra7 41.Bd7 Nc6 42.Rxa7 Nxa7 43.f3 Na6
44.Kf2 Nc5 45.Bh3 Ke8 46.Ke3 Nd7 47.Kd3 Kd8 48.Kc4 Kc7 49.Kb4 Nc5 50.Ka5 Kb7
51.Bg4 h5 52.Bh3 Kc7 53.g4 hxg4 54.Bxg4 Nc8 55.h4 Nb6 56.Kb4 Nbd7 57.Kc3 Nf6
58.Bh3 Kd8 59.Kd2 Ke8 60.Ke3 Kf8 61.Nc6 Ke8 62.Nd4 1/2-1/2

[Event " HL Men's 64. RUS Chmp. 2011"]
[Site "Taganrog"]
[Date "2011.06.25"]
[Round "10"]
[Board "1"]
[White "Papin, Vasily"]
[Black "Fedoseev, Vladimir"]
[Result "0-1"]
[WhiteElo "2565"]
[BlackElo "2506"]
[PlyCount "90"]
[EventDate "2011.06.15"]
[EventRounds "11"]
[EventCountry "RUS"]

1.d4 Nf6 2.c4 g6 3.Nc3 Bg7 4.g3 d5 5.cxd5 Nxd5 6.Bg2 Nb6 7.Nf3 O-O 8.O-O Nc6
9.d5 Na5 10.Qc2 Nxd5 11.Rd1 c6 12.e4 Nb4 13.Qe2 Qb6 14.a3 Bxc3 15.bxc3 Na6
16.Be3 Qb5 17.Qxb5 cxb5 18.Rdb1 Nc4 19.Bh6 Rd8 20.Nd4 Nc7 21.Nxb5 Nxb5 22.Rxb5
b6 23.Rd5 Be6 24.Rd4 Rac8 25.a4 Na5 26.Bf1 Nb3 27.Rxd8+ Rxd8 28.Rb1 f6 29.Be3
Na5 30.Bb5 Bc4 31.f4 Bxb5 32.Rxb5 Rd1+ 33.Kf2 Ra1 34.Rd5 Rxa4 35.Rd7 Nc6 36.Rc7
Rc4 37.f5 Kf7 38.g4 g5 39.Bd4 Ke8 40.Rc8+ Kd7 41.Ra8 b5 42.Ke3 b4 43.Kd3 b3
44.e5 b2 45.e6+ Kc7 0-1

[Event " HL Men's 64. RUS Chmp. 2011"]
[Site "Taganrog"]
[Date "2011.06.25"]
[Round "10"]
[Board "1"]
[White "Evdokimov, Alexander A"]
[Black "Kurnosov, Igor"]
[Result "1/2-1/2"]
[WhiteElo "2561"]
[BlackElo "2633"]
[PlyCount "37"]
[EventDate "2011.06.15"]
[EventRounds "11"]
[EventCountry "RUS"]

1.d4 Nf6 2.c4 g6 3.Nc3 d5 4.Nf3 Bg7 5.Qb3 dxc4 6.Qxc4 O-O 7.e4 Bg4 8.Be3 Nfd7
9.O-O-O Nb6 10.Qc5 a5 11.h3 Bxf3 12.gxf3 a4 13.a3 Nc6 14.Bb5 Nd7 15.Qc4 Nb6
16.Qc5 Nd7 17.Qc4 Nb6 18.Qc5 Nd7 19.Qc4 1/2-1/2

[Event " HL Men's 64. RUS Chmp. 2011"]
[Site "Taganrog"]
[Date "2011.06.25"]
[Round "10"]
[Board "1"]
[White "Reshetnikov, Alexey"]
[Black "Sakaev, Konstantin"]
[Result "1/2-1/2"]
[WhiteElo "2487"]
[BlackElo "2629"]
[PlyCount "69"]
[EventDate "2011.06.15"]
[EventRounds "11"]
[EventCountry "RUS"]

1.e4 e5 2.Nf3 Nf6 3.Nxe5 d6 4.Nf3 Nxe4 5.Qe2 Qe7 6.d3 Nf6 7.Bg5 Nbd7 8.Nc3 Qxe2+
9.Bxe2 h6 10.Bd2 c6 11.O-O d5 12.Rfe1 Nc5 13.d4 Ne6 14.Bd3 Bd6 15.Ne2 O-O 16.Ng3
Re8 17.c3 Nf8 18.Rxe8 Nxe8 19.Nf5 Bxf5 20.Bxf5 g6 21.Bd3 Kg7 22.Re1 Nf6 23.Kf1
Re8 24.Rxe8 Nxe8 25.Ke2 Nd7 26.Ne1 Nc7 27.g3 Ne6 28.Ng2 Nf6 29.f3 h5 30.Kf2 Kf8
31.Ke2 Ke7 32.Kf2 Kf8 33.Ke2 Ke7 34.Kf2 Kf8 35.Ke2 1/2-1/2

[Event " HL Men's 64. RUS Chmp. 2011"]
[Site "Taganrog"]
[Date "2011.06.25"]
[Round "10"]
[Board "1"]
[White "Vorobiov, Evgeny E"]
[Black "Khismatullin, Denis"]
[Result "1/2-1/2"]
[WhiteElo "2570"]
[BlackElo "2656"]
[PlyCount "66"]
[EventDate "2011.06.15"]
[EventRounds "11"]
[EventCountry "RUS"]

1.d4 Nf6 2.c4 e6 3.g3 Bb4+ 4.Bd2 Qe7 5.Bg2 Nc6 6.Nf3 Bxd2+ 7.Nbxd2 d6 8.O-O O-O
9.e4 a5 10.Qc2 e5 11.d5 Nb8 12.Ne1 Na6 13.Nd3 Bd7 14.Qc3 b5 15.c5 Nxc5 16.Nxc5
dxc5 17.Rfc1 c4 18.a4 c6 19.dxc6 Bxc6 20.axb5 Bxb5 21.Rxa5 Rxa5 22.Qxa5 Qb7
23.Qb4 Rb8 24.Nxc4 Bxc4 25.Qxb7 Rxb7 26.Rxc4 Kf8 27.b4 Ne8 28.f4 f6 29.fxe5 fxe5
30.Rc5 Rxb4 31.Rxe5 Nd6 32.Rd5 Nxe4 33.Bxe4 Rxe4 1/2-1/2

[Event " HL Men's 64. RUS Chmp. 2011"]
[Site "Taganrog"]
[Date "2011.06.25"]
[Round "10"]
[Board "1"]
[White "Romanov, Evgeny"]
[Black "Diu, Viacheslav"]
[Result "1-0"]
[WhiteElo "2624"]
[BlackElo "2475"]
[PlyCount "59"]
[EventDate "2011.06.15"]
[EventRounds "11"]
[EventCountry "RUS"]

1.c4 g6 2.d4 Bg7 3.e4 d6 4.Nc3 Nf6 5.Bd3 O-O 6.Nge2 Nc6 7.O-O Nd7 8.Bc2 e5 9.d5
Nb4 10.Bb1 a5 11.Be3 f5 12.exf5 gxf5 13.f4 Nf6 14.h3 Nh5 15.a3 Na6 16.Bc2 Bd7
17.Qd2 Qh4 18.fxe5 dxe5 19.Bg5 Qxc4 20.Be7 Nf4 21.Rxf4 exf4 22.b3 Qxe2 23.Qxe2
Bxc3 24.Rd1 Rae8 25.d6 Rf7 26.Qc4 cxd6 27.Qxc3 Rfxe7 28.Rxd6 Re1+ 29.Kh2 Bc6
30.Bd3 1-0

[Event " HL Men's 64. RUS Chmp. 2011"]
[Site "Taganrog"]
[Date "2011.06.25"]
[Round "10"]
[Board "1"]
[White "Mokshanov, Alexey"]
[Black "Lastin, Alexander"]
[Result "1/2-1/2"]
[WhiteElo "2393"]
[BlackElo "2617"]
[PlyCount "83"]
[EventDate "2011.06.15"]
[EventRounds "11"]
[EventCountry "RUS"]

1.e4 e5 2.Nf3 Nc6 3.Bb5 a6 4.Ba4 Nf6 5.O-O Be7 6.Re1 b5 7.Bb3 O-O 8.c3 d6 9.h3
Nb8 10.d3 Nbd7 11.Nbd2 Bb7 12.Nf1 Nc5 13.Bc2 Re8 14.Ng3 Bf8 15.Be3 Ncd7 16.Qd2
d5 17.Rad1 c5 18.Bg5 h6 19.Bh4 Qb6 20.exd5 Nxd5 21.d4 cxd4 22.cxd4 Bb4 23.Qd3 g6
24.Rf1 Bf8 25.dxe5 Nxe5 26.Nxe5 Rxe5 27.Qd2 g5 28.Qd3 Qg6 29.Qd2 Qe6 30.f4 Nxf4
31.Rxf4 gxf4 32.Qxf4 Bc5+ 33.Kh2 Be3 34.Qf1 Qc4 35.Bb3 Qxf1 36.Rxf1 Rf8 37.Bf6
Ree8 38.Nf5 Bg5 39.Nd6 Bxf6 40.Rxf6 Re7 41.Nf5 Rd7 42.Rg6+ 1/2-1/2

[Event " HL Men's 64. RUS Chmp. 2011"]
[Site "Taganrog"]
[Date "2011.06.25"]
[Round "10"]
[Board "1"]
[White "Danin, Alexandre"]
[Black "Yemelin, Vasily"]
[Result "1-0"]
[WhiteElo "2534"]
[BlackElo "2584"]
[PlyCount "61"]
[EventDate "2011.06.15"]
[EventRounds "11"]
[EventCountry "RUS"]

1.e4 c6 2.d4 d5 3.exd5 cxd5 4.c4 Nf6 5.Nc3 e6 6.Nf3 Be7 7.cxd5 Nxd5 8.Bd3 Nc6
9.O-O O-O 10.Re1 Nf6 11.a3 b6 12.Bg5 Bb7 13.Bc2 Rc8 14.Qd3 g6 15.Rad1 Qc7
16.Bxf6 Bxf6 17.d5 Ne5 18.Nxe5 Bxe5 19.dxe6 Bxh2+ 20.Kh1 fxe6 21.Qh3 Rxf2 22.Be4
Bg3 23.Bxb7 Qxb7 24.Qxg3 Rxb2 25.Ne4 Rf8 26.Qe5 Qg7 27.Qxe6+ Qf7 28.Nf6+ Kh8
29.Rd7 Qxf6 30.Qxf6+ Rxf6 31.Re8+ 1-0

[Event " HL Men's 64. RUS Chmp. 2011"]
[Site "Taganrog"]
[Date "2011.06.25"]
[Round "10"]
[Board "1"]
[White "Stukopin, Andrey"]
[Black "Chadaev, Nikolai"]
[Result "0-1"]
[WhiteElo "2471"]
[BlackElo "2577"]
[PlyCount "62"]
[EventDate "2011.06.15"]
[EventRounds "11"]
[EventCountry "RUS"]

1.e4 e5 2.Bc4 Nf6 3.d3 Nc6 4.a3 Bc5 5.Nc3 d6 6.Na4 Bb6 7.Nxb6 axb6 8.c3 h6 9.Bb3
Be6 10.Bc2 d5 11.f3 Qe7 12.Ne2 O-O-O 13.exd5 Nxd5 14.O-O Rhe8 15.Qe1 Bf5 16.Ng3
Bh7 17.Qf2 g5 18.Re1 Qd7 19.Ne4 Re6 20.Bd2 f5 21.Ng3 Nf6 22.b4 f4 23.Ne4 Bxe4
24.fxe4 Ng4 25.Qf1 h5 26.a4 Nxb4 27.Bb3 Nxd3 28.Bxe6 Qxe6 29.Re2 Qc4 30.Kh1 Nc5
31.Qe1 Nxe4 0-1

[Event " HL Men's 64. RUS Chmp. 2011"]
[Site "Taganrog"]
[Date "2011.06.25"]
[Round "10"]
[Board "1"]
[White "Goganov, Aleksey"]
[Black "Sek, Konstantin"]
[Result "1-0"]
[WhiteElo "2480"]
[BlackElo "2432"]
[PlyCount "95"]
[EventDate "2011.06.15"]
[EventRounds "11"]
[EventCountry "RUS"]

1.d4 Nf6 2.Nf3 e6 3.g3 c5 4.Bg2 d5 5.c4 Nc6 6.cxd5 exd5 7.O-O Be7 8.Be3 cxd4
9.Nxd4 O-O 10.Nc3 Re8 11.Qb3 Ne5 12.Qc2 Be6 13.Rfd1 Rc8 14.Bg5 Qb6 15.Nxe6 fxe6
16.Be3 Bc5 17.Bxc5 Qxc5 18.Qa4 Nc4 19.Qb5 Qxb5 20.Nxb5 a6 21.Nd4 e5 22.Nf5 g6
23.b3 Nb2 24.Rxd5 gxf5 25.Rd2 e4 26.Rxb2 Red8 27.Kf1 Kf7 28.Ke1 Ke6 29.h3 h5
30.Rd1 Rxd1+ 31.Kxd1 Rg8 32.h4 f4 33.Bh3+ Ke5 34.gxf4+ Kxf4 35.Rc2 Rg1+ 36.Kd2
e3+ 37.fxe3+ Kg3 38.Bf5 Kxh4 39.Rc7 Ra1 40.e4 Rxa2+ 41.Ke3 b5 42.Rg7 Ra1 43.e5
Nd5+ 44.Ke4 Rd1 45.e6 Rd2 46.Ke5 Nb4 47.e4 a5 48.Rc7 1-0

[Event " HL Men's 64. RUS Chmp. 2011"]
[Site "Taganrog"]
[Date "2011.06.25"]
[Round "10"]
[Board "1"]
[White "Airapetian, Gor"]
[Black "Musalov, Ruslan"]
[Result "1-0"]
[WhiteElo "2460"]
[BlackElo "2399"]
[PlyCount "89"]
[EventDate "2011.06.15"]
[EventRounds "11"]
[EventCountry "RUS"]

1.d4 d5 2.c4 e6 3.Nc3 c5 4.cxd5 exd5 5.Nf3 Nc6 6.g3 Nf6 7.Bg2 Be7 8.O-O O-O
9.dxc5 Bxc5 10.Bg5 d4 11.Bxf6 Qxf6 12.Nd5 Qd8 13.Nd2 Be6 14.Nf4 Re8 15.Rc1 Bb6
16.Nc4 Bg4 17.h3 Bf5 18.Qb3 Be4 19.Bxe4 Rxe4 20.Qf3 Re8 21.Rfd1 Qf6 22.Kg2 Rad8
23.Nd3 Qe6 24.Rd2 f5 25.b4 Qd5 26.Qxd5+ Rxd5 27.a4 Bd8 28.h4 Be7 29.b5 Nd8
30.Nf4 Rc5 31.Rxd4 Bf6 32.Rdd1 Re4 33.Nd6 Rxc1 34.Rxc1 Rxa4 35.Rc8 Rd4 36.Nxb7
Rd7 37.Nc5 Rd6 38.Ra8 h6 39.h5 Kh7 40.Rxa7 Bd4 41.Rc7 Rb6 42.Rd7 Bxc5 43.Rxd8 g5
44.hxg6+ Kg7 45.Rd7+ 1-0

[Event " HL Men's 64. RUS Chmp. 2011"]
[Site "Taganrog"]
[Date "2011.06.25"]
[Round "10"]
[Board "1"]
[White "Bryzgalin, Kirill"]
[Black "Polschikov, Alexey"]
[Result "1-0"]
[WhiteElo "2473"]
[BlackElo "2395"]
[PlyCount "117"]
[EventDate "2011.06.15"]
[EventRounds "11"]
[EventCountry "RUS"]

1.d4 Nf6 2.c4 e6 3.Nc3 Bb4 4.Qc2 O-O 5.a3 Bxc3+ 6.Qxc3 b5 7.cxb5 c6 8.Bg5 cxb5
9.e3 Bb7 10.Nf3 a6 11.Bd3 h6 12.Bh4 d6 13.O-O Nbd7 14.Rac1 Qb6 15.Nd2 Rac8
16.Qb4 Nd5 17.Qb3 N7f6 18.Bb1 a5 19.Rxc8 Rxc8 20.Qd1 Nd7 21.Re1 a4 22.Bg3 Ne7
23.f3 Ba6 24.Ne4 Nf5 25.Bf2 Ne7 26.Nc3 Kf8 27.Na2 Nb8 28.e4 d5 29.Nb4 Nbc6
30.Nd3 Rd8 31.Nc5 Nb8 32.exd5 Nxd5 33.Qc2 Nd7 34.Qh7 Nxc5 35.dxc5 Qc7 36.Qh8+
Ke7 37.Qxg7 Qf4 38.c6 Rc8 39.Ba2 Rxc6 40.Bxd5 Rc1 41.Bh4+ Kd7 42.Bxe6+ Kc6 43.h3
Qe3+ 44.Kh2 Rxe1 45.Bxe1 Qxe6 46.Bg3 h5 47.Qh8 Bc8 48.Qxh5 Qf5 49.Qh6+ Kd5
50.Qe3 Be6 51.Qd2+ Kc4 52.Qc3+ Kd5 53.h4 Bd7 54.Qe3 Be6 55.Bf4 Kc4 56.Qc3+ Kd5
57.Qd2+ Kc4 58.Qb4+ Kd3 59.Qc3+ 1-0

[Event " HL Men's 64. RUS Chmp. 2011"]
[Site "Taganrog"]
[Date "2011.06.25"]
[Round "10"]
[Board "1"]
[White "Balashov, Yuri S"]
[Black "Mikhailov, Sergey"]
[Result "0-1"]
[WhiteElo "2426"]
[BlackElo "2399"]
[PlyCount "52"]
[EventDate "2011.06.15"]
[EventRounds "11"]
[EventCountry "RUS"]

1.e4 c5 2.Nf3 d6 3.d4 cxd4 4.Nxd4 Nf6 5.Nc3 a6 6.h3 Qc7 7.g4 h6 8.Bg2 e6 9.Qe2
Nc6 10.Nb3 b5 11.f4 Bb7 12.Be3 Be7 13.O-O Nd7 14.Qf2 Rc8 15.Rad1 Na5 16.Nxa5
Qxa5 17.e5 Bxg2 18.Qxg2 d5 19.f5 b4 20.fxe6 fxe6 21.Nxd5 exd5 22.Rxd5 Qc7 23.c3
Rf8 24.Rfd1 Nxe5 25.Bd4 Nf3+ 26.Kh1 Nxd4 0-1

[Event " HL Men's 64. RUS Chmp. 2011"]
[Site "Taganrog"]
[Date "2011.06.25"]
[Round "10"]
[Board "1"]
[White "Chuprov, Dmitry"]
[Black "Frolyanov, Dmitry"]
[Result "1/2-1/2"]
[WhiteElo "2520"]
[BlackElo "2599"]
[PlyCount "43"]
[EventDate "2011.06.15"]
[EventRounds "11"]
[EventCountry "RUS"]

1.e4 e5 2.Nf3 Nf6 3.Nc3 Nc6 4.d4 exd4 5.Nd5 Be7 6.Bc4 O-O 7.O-O d6 8.Nxd4 Nxd4
9.Qxd4 Nxd5 10.Bxd5 Bf6 11.Qd3 Qe7 12.c3 c6 13.Bb3 Be6 14.Bc2 g6 15.Bh6 Rfe8
16.f4 Rad8 17.Rae1 Bc8 18.Qf3 Bg7 19.Bg5 Bf6 20.Bh6 Bg7 21.Bg5 Bf6 22.Bh6 1/2-1/2